| 000 | 00546nam a2200169 i 4500 | ||
|---|---|---|---|
| 001 | 79805 | ||
| 003 | ES-MaACL | ||
| 005 | 20230906174044.0 | ||
| 007 | t| | ||
| 008 | 041025s1969 sp ||||1| spa d | ||
| 100 | 1 |
_aHerrero Herrero, Valeriano. _963320 |
|
| 245 | 1 | 0 |
_aAlpuente y la Santísima Virgen de Consolación / _cValeriano Herrero Herrero y Gonzalo Herrero Navarro. |
| 260 |
_a[Segorbe (Castellón) : _bs.n., _c1969] |
||
| 300 |
_a259 p. ; _c16 cm. |
||
| 700 | 1 |
_aHerrero Navarro, Gonzalo. _963334 |
|
| 852 |
_aES-MaACL _jC-51264 _bR.71308 |
||
| 999 |
_c79805 _d79805 |
||